<?xml version="1.0" encoding="UTF-8"?>
<marc:record xmlns:marc="http://www.loc.gov/MARC21/slim">
   <marc:leader>00000nam a2200000 a 4500</marc:leader>
   <marc:datafield ind1="1" ind2=" " tag="100">
      <marc:subfield code="a">Herret, Angelika</marc:subfield>
      <marc:subfield code="4">aut</marc:subfield>
      <marc:subfield code="e">Verfasser/-in</marc:subfield>
   </marc:datafield>
   <marc:datafield ind1="0" ind2="0" tag="245">
      <marc:subfield code="a">Jesus lädt uns Kinder ein</marc:subfield>
   </marc:datafield>
   <marc:datafield ind1="0" ind2="0" tag="245">
      <marc:subfield code="c">Angelika Herret ; Gottfried Klima. [Ill.: Nina Hammerle</marc:subfield>
   </marc:datafield>
   <marc:datafield ind1=" " ind2="1" tag="264">
      <marc:subfield code="a">Innsbruck</marc:subfield>
      <marc:subfield code="b">Verl.-Anst. Tyrolia</marc:subfield>
      <marc:subfield code="c">2005</marc:subfield>
   </marc:datafield>
   <marc:datafield ind1="1" ind2=" " tag="520">
      <marc:subfield code="a">Angaben aus der Verlagsmeldung

Jesus lädt uns Kinder ein : Ideen und Tipps für Begleiter/innen zur Vorbereitung auf die Erstkommunion / von Angelika Herret, Gottfried Klima

Eine Entdeckungsreise, die Kinder in die Welt des Glaubens einführt und sie stark macht fürs Leben

· in 8 Doppelstunden werden religiöse Grundthemen kindgerecht und alltagsnah erlebbar
· mit kreativen Spielen und Aktionen
· Geschichten, Gebete und Rituale regen dazu an, das Erlebte im Kreis der Familie zu besprechen und zu vertiefen
· stärkt die soziale und emotionale Kompetenz von Kindern

Der Band für Begleiter/innen zeigt übersichtlich und verständlich, wie mit dem Kurs gearbeitet werden kann. Er liefert zahlreiche Tipps und methodische Hinweise und enthält:

· ganzheitliche religiöse Impulse
· Ideen, Anregungen und Rituale zur Gestaltung des Alltags in der Familie
· übersichtlich, sprachlich und methodisch einfach umsetzbar, auch für religiöse Laien leicht einsetzbar
· Im Anhang: Tipps für Elternabende und Bibelnachmittage mit Kindern
· Modelle für Eltern-Kind-Nachmittage zu den Themen: Gebet, Schuld, Versöhnung und Beichte; miteinander Mahl halten
</marc:subfield>
   </marc:datafield>
   <marc:datafield ind1=" " ind2=" " tag="020">
      <marc:subfield code="a">9783702227098</marc:subfield>
      <marc:subfield code="9">9783702227098</marc:subfield>
   </marc:datafield>
   <marc:datafield ind1=" " ind2=" " tag="020">
      <marc:subfield code="a">3702227091</marc:subfield>
      <marc:subfield code="9">3702227091</marc:subfield>
   </marc:datafield>
   <marc:datafield ind1=" " ind2=" " tag="041">
      <marc:subfield code="a">ger</marc:subfield>
   </marc:datafield>
   <marc:datafield ind1=" " ind2=" " tag="300">
      <marc:subfield code="a">55 S.</marc:subfield>
   </marc:datafield>
</marc:record>
